Verbrechen der Wehrmacht : (Titelsatznr. 10287)
[ MARC ]
| 000 -Satzkennung | |
|---|---|
| Kontrollfeld mit fester Länge | 00590nam a22001931c 4500 |
| 001 - Kontrollnummer | |
| Kontrollfeld | 474700895 |
| 008 - Feld mit fester Länge zur physischen Beschreibung - Allgemeine Angaben | |
| Kontrollfeld mit fester Länge | 070723s2005 gw |||| 000u ger d |
| 020 ## - Internationale Standardbuchnummer | |
| Internationale Standardbuchnummer | 3406528023 |
| Verknüpfung | 3-406-52802-3 |
| 041 ## - Sprachcode | |
| Sprachcode des Textes/der Tonspur oder des separaten Titels | ger |
| 040 ## - Katalogisierungsquelle | |
| Übertragungsstelle | RU-10907106 |
| 003 - Kontrollnummer Identifier | |
| Kontrollfeld | RU-10907106 |
| 100 1# - Haupteintragung - Personenname | |
| Personenname | Hartmann, Christian |
| 245 00 - Titel | |
| Titel | Verbrechen der Wehrmacht : |
| Zusatz zum Titel | Bilanz einer Debatte / |
| Verfasserangabe etc. | Christian Hartmann ; Johannes Hürter ; Ulrike Jureit |
| 264 ## - Produktion, Veröffentlichung, Distribution, Herstellung und Urheberrechtsvermerk | |
| Herstellungs-, Veröffentlichungs- Vertriebs-, Erzeugungsort | München : |
| Produzent, Herausgeber, Distributor, Hersteller | Beck, |
| Datum der Herstellung, der Veröffentlichung, des Vertriebs oder des Urheberschutzvermerks | 2005 |
| 490 #0 - Gesamttitelangabe | |
| Gesamttitelangabe | Beck'sche Reihe |
| Bandnummer/Folgebezeichnung | 1632 |
| 700 1# - Nebeneintragung - Personenname | |
| Personenname | Hürter, Johannes |
| Funktionsbezeichnung | VerfasserIn |
| 700 1# - Nebeneintragung - Personenname | |
| Personenname | Jureit, Ulrike |
| Funktionsbezeichnung | VerfasserIn |
| 942 ## - Zusätzliche Felder (Koha) | |
| Koha-Medientyp | Monographien |
| Ausgeschieden | Verloren | Klassifikation oder Aufstellungssystematik | Beschädigt | Nicht entleihbar | Heimatbibliothek | Aufenthaltsbibliothek | Aufstellungsort | Erwerbungsdatum | Inventarnummer | Signatur | Barcode | Letzte Aktivität | Preis gültig von | Koha-Medientyp |
|---|---|---|---|---|---|---|---|---|---|---|---|---|---|---|
| Andere/Generische Klassifikation | MWN Osteuropa | MWN Osteuropa | Lesesaal - 1 | 23/07/2007 | 07-04121 | D 52 rg Har | E00401507905CF8F | 22/02/2021 | 22/03/2021 | Monographien |